Score 0/12 Timer 05:00
0 Plays Today
% Correct
Gandalf the Grey
95.5%
Bilbo Baggins
95.4%
Gollum
92.8%
Elrond
89.6%
Balin
75.7%
Glóin
72.8%
Thorin II
69.5%
Smaug
63.5%
Dwalin
56%
Dáin II
53.8%
Beorn
51.3%
Óin
45.8%
Remove Ads.
Support Sporcle.
Get the best of Sporcle when you Go Orange. This ad-free experience offers more features, more stats, and more fun while also helping to support Sporcle. Thank you for becoming a member.

You're not logged in!

Compare scores with friends on all Sporcle quizzes.
OR
Log In

Show Comments

Extras

Top Quizzes Today


Score Distribution

Your Account Isn't Verified!

In order to create a playlist on Sporcle, you need to verify the email address you used during registration. Go to your Sporcle Settings to finish the process.

Report this User

Report this user for behavior that violates our Community Guidelines.

Details: